02511nam a2200361uu 4500001000800000005001700008008004100025020001800066035001200084040001300096041000800109082000800117100003900125245014500164260003900309300003500348490001200383520124800395650003101643650003601674650003601710650002701746650003701773650003001810650003501840650003501875650003801910650006101948650002502009650003102034700004102065700004302106130085720260508075152.0121005e20111005 spa  a9788496266391 a1300857 ccomduadb aspa 4a33110aGarcía Sainz, Cristina4edteedt10aInmigrantes en el servicio doméstico : determinantes sociales, jurídicos e institucionales en la reorganización del sector doméstico aMadrid :bTalasa ediciones,c2011. a192 páginas :bilustraciones0 aÁgora3 aEl empleo doméstico no puede ser considerado un asunto periférico, pues se encuentra en el núcleo de las relaciones sociales, en la encrucijada de la vida cotidiana, entre el espacio privado del hogar y el público, entre el trabajo doméstico y el empleo, entre el ámbito irregular de la economía y el empleo formal. Centrada en la sociedad española, esta investigación indaga en la organización social de los cuidados a las personas, en su forma de realización a través del mercado de trabajo y sus relaciones laborales, en el tratamiento del servicio doméstico desde las normas que lo regulan como empleo y desde las que fijan las pautas administrativas sobre permisos y condiciones de acceso al trabajo para la población inmigrante y, también, en la labor institucional que guía la inserción laboral para colectivos desfavorecidos. Contempla, por tanto, la naturaleza de las políticas y las prácticas institucionalizadas que tienen lugar en el área de desarrollo del trabajo de cuidado remunerado y, por extensión, examina los procesos de cambio que, en relación con el desempeño de dicha actividad, afectan a la igualdad económica, a la integración interétnica y a la equidad de género. 7aTrabajo doméstico2embne 7aCondiciones de trabajo2unescot aServicio doméstico - España 7aDerecho laboral2embne aInmigrantes - Trabajo - España 7aTrabajo de la mujer2lemb 7aEmpleadas domésticas2armarc aMujeres inmigrantes - España aEmpleadas domésticas - España aTrabajadores extranjeros - Aspectos juridicos - España 7aVida cotidiana2lemb 7aMujeres trabajadoras2lemb10aSantos Pérez, M. Lourdes4auteaut10aValencia Olivero, Nelcy Yoly4auteaut